| 000 | 00711nmc a2200253 a 4500 | ||
|---|---|---|---|
| 003 | AR-BaBNM | ||
| 005 | 20251128202714.0 | ||
| 008 | 085020s1996 ||||||||||||||000 | spa|| | ||
| 020 | _a987-9072-13-8 | ||
| 040 | _cAR-BaBNM | ||
| 100 | 1 | _aFauring, Patricia | |
| 245 | 1 | 0 |
_aOlimpíada Matemática Argentina _bProblemas _n6 |
| 260 |
_aBuenos Aires _bRed Olímpica _c1996 |
||
| 300 | 0 |
_a129 p. _bil. |
|
| 490 | 0 | _aNamakkal | |
| 650 | 4 | _aENSENANZA DE LAS MATEMATICAS | |
| 650 | 4 | _aSOLUCION DE PROBLEMAS | |
| 650 | 4 | _aCONCEPTOS MATEMATICOS | |
| 653 | _aPROBLEMAS [MATEMATICA] | ||
| 700 | 1 | _aGutiérrez, Flora | |
| 711 | 2 |
_aOlimpíada Matemática Argentina _n12 _d1995 |
|
| 942 | _cBK | ||
| 998 | _cmaria eugenia | ||
| 999 |
_c194 _d194 |
||